Daughters of maharashtra (Record no. 295151)

MARC details
000 -LEADER
fixed length control field 00301pam a2200121a 44500
008 - FIXED-LENGTH DATA ELEMENTS--GENERAL INFORMATION
fixed length control field 230405s1997 xxu||||| |||| 00| 0 eng d
041 ## - LANGUAGE CODE
Language code of text/sound track or separate title ENG
100 ## - MAIN ENTRY--PERSONAL NAME
Personal name Abhijit Varde
245 ## - TITLE STATEMENT
Title Daughters of maharashtra
260 ## - PUBLICATION, DISTRIBUTION, ETC.
Place of publication, distribution, etc.
Name of publisher, distributor, etc. Jaysri salgaonkar for Kolnirnay in
Date of publication, distribution, etc. 1997
300 ## - PHYSICAL DESCRIPTION
Extent 149
906 ## - LOCAL DATA ELEMENT F, LDF (RLIN)
a 3808
Holdings
Withdrawn status Lost status Damaged status Not for loan Collection Home library Current library Shelving location Date acquired Source of acquisition Cost, normal purchase price Total Checkouts Full call number Barcode Date last seen Price effective from Koha item type
          Matoshri Bayabai Shripatrao Kadam Kanya Mahavidyalaya, Kadegaon, Sangli Matoshri Bayabai Shripatrao Kadam Kanya Mahavidyalaya, Kadegaon, Sangli   05/03/2011 Jaysri salgaonkar for Kolnirnay in 1000.00   891.463 KVK-S06861 18/04/2023 18/04/2023 Book